000 00507nam a22001817a 4500
999 _c7295
_d7295
003 GBCCL
005 20241126110624.0
008 180724b ||||| |||| 00| 0 eng d
040 _cgbc
082 _aVER 390.08
_bVUN
100 _aVungkhothang, T
_910352
245 _aPupa tuanglam :
_bthe custom and culture of Paite forefathers/
_cT. Vungkhothang
250 _a2nd ed.
260 _cLamka:
_aTVMET,
_b2015
300 _a72p. ;
650 _aCustom and culture
_vPaite
_zIndia
_912930
942 _2ddc
_cBK
_019